000 00540cam a2200181ua 4500
001 12178
008 200227n ii |||gr||||Z||||||eng
020 _a9788183440868
040 _cMAIN
082 _a954.162
100 _aRai Sahib Golap Chandra Barua,
_eEditor.
245 _aAhom buranji :
_bFrom the earlest time to the and of ahom rule /
_cEd by Rai Sahib Golap Chandra Barua .
250 _a1st pap rep ed.
260 _aGuwahati:
_bSpectrum publications,
_c2016.
300 _a388p.
653 _aSouth Asia India
942 _cBK
999 _c10938
_d10938